各声母最南端的县级行政区 - Statistics

General Stats
  • This quiz has been taken 8 times
  • The average score is 63 of 120
Answer Stats
声母 纬度 省级行政区 地级行政区 县级行政区 % Correct
b 19.2°N 海南省 (直辖) 白沙黎族自治县
100%
b 18.6°N 海南省 (直辖) 保亭黎族苗族自治县
88%
m 20°N 海南省 海口市 美兰区
88%
n 22.5°N 广东省 深圳市 南山区
88%
d 19.1°N 海南省 (直辖) 东方市
75%
t 18.3°N 海南省 三亚市 天涯区
75%
t 19.4°N 海南省 (直辖) 屯昌县
75%
n 9.6°N 海南省 三沙市 南沙区
75%
n 22.8°N 广东省 广州市 南沙区
75%
l 18.8°N 海南省 (直辖) 乐东黎族自治县
75%
l 19.9°N 海南省 (直辖) 临高县
75%
l 20.9°N 广东省 湛江市 雷州市
75%
q 19°N 海南省 (直辖) 琼中黎族苗族自治县
75%
q 19.3°N 海南省 (直辖) 琼海市
75%
q 20°N 海南省 海口市 琼山区
75%
x 16.8°N 海南省 三沙市 西沙区
75%
x 20.3°N 广东省 湛江市 徐闻县
75%
s 24.4°N 福建省 厦门市 思明区
75%
y 18.4°N 海南省 三亚市 崖州区
75%
y 21.5°N 广西壮族自治区 北海市 银海区
75%
b 22.3°N 广西壮族自治区 玉林市 博白县
63%
b 22.6°N 广东省 深圳市 宝安区
63%
b 22.7°N 广西壮族自治区 玉林市 北流市
63%
p 22.1°N 广西壮族自治区 崇左市 凭祥市
63%
p 22.7°N 广东省 深圳市 坪山区
63%
m 21.5°N 云南省 西双版纳傣族自治州 勐腊县
63%
m 22°N 云南省 西双版纳傣族自治州 勐海县
63%
f 21.8°N 广西壮族自治区 防城港市 防城区
63%
d 19.7°N 海南省 (直辖) 定安县
63%
d 21.5°N 广东省 茂名市 电白区
63%
d 21.6°N 广西壮族自治区 防城港市 东兴市
63%
t 21.5°N 广西壮族自治区 北海市 铁山港区
63%
n 23°N 广东省 佛山市 南海区
63%
l 18.5°N 海南省 (直辖) 陵水黎族自治县
63%
l 20°N 海南省 海口市 龙华区
63%
g 21.6°N 广西壮族自治区 防城港市 港口区
63%
g 21.9°N 广东省 茂名市 高州市
63%
k 22.4°N 广东省 江门市 开平市
63%
k 26.6°N 贵州省 黔东南苗族侗族自治州 凯里市
63%
h 21.5°N 广西壮族自治区 北海市 海城区
63%
h 21.7°N 广西壮族自治区 北海市 合浦县
63%
h 22.5°N 云南省 红河哈尼族彝族自治州 河口瑶族自治县
63%
j 18.3°N 海南省 三亚市 吉阳区
63%
j 22°N 云南省 西双版纳傣族自治州 景洪市
63%
q 21.9°N 广西壮族自治区 钦州市 钦南区
63%
q 22°N 广西壮族自治区 钦州市 钦北区
63%
x 20°N 海南省 海口市 秀英区
63%
x 22.3°N 广东省 珠海市 香洲区
63%
ch 19.3°N 海南省 (直辖) 昌江黎族自治县
63%
ch 19.7°N 海南省 (直辖) 澄迈县
63%
ch 23°N 广东省 佛山市 禅城区
63%
w 18.8°N 海南省 (直辖) 五指山市
63%
w 19.5°N 海南省 (直辖) 文昌市
63%
p 21.2°N 广东省 湛江市 坡头区
50%
p 22.3°N 广西壮族自治区 钦州市 浦北县
50%
p 22.6°N 广东省 江门市 蓬江区
50%
m 21.3°N 广东省 湛江市 麻章区
50%
m 21.6°N 广东省 茂名市 茂南区
50%
f 22.5°N 广东省 深圳市 福田区
50%
f 22.6°N 广西壮族自治区 崇左市 扶绥县
50%
f 23.4°N 广东省 肇庆市 封开县
50%
d 22.2°N 广东省 珠海市 斗门区
50%
t 22.3°N 广东省 江门市 台山市
50%
t 23.1°N 广西壮族自治区 崇左市 天等县
50%
g 22.8°N 广东省 深圳市 光明区
50%
g 22.9°N 广东省 佛山市 高明区
50%
g 23°N 广东省 肇庆市 高要区
50%
k 23.7°N 云南省 红河哈尼族彝族自治州 开远市
50%
k 28.3°N 湖南省 长沙市 开福区
50%
h 18.4°N 海南省 三亚市 海棠区
50%
h 21.7°N 广东省 茂名市 化州市
50%
j 21.9°N 广东省 阳江市 江城区
50%
j 22.1°N 广东省 珠海市 金湾区
50%
x 21.2°N 广东省 湛江市 霞山区
50%
zh 23.7°N 福建省 漳州市 诏安县
50%
zh 24.1°N 福建省 漳州市 漳浦县
50%
ch 21.3°N 广东省 湛江市 赤坎区
50%
ch 22.8°N 广东省 汕尾市 城区
50%
sh 22.8°N 广东省 佛山市 顺德区
50%
z 23.3°N 广东省 广州市 增城区
50%
z 26°N 广西壮族自治区 桂林市 资源县
50%
s 22.8°N 云南省 普洱市 思茅区
50%
s 23.2°N 广东省 佛山市 三水区
50%
y 21.8°N 广东省 阳江市 阳西县
50%
y 21.9°N 广东省 阳江市 阳东区
50%
y 22.2°N 广东省 阳江市 阳春市
50%
w 18.8°N 海南省 (直辖) 万宁市
50%
w 23.2°N 广西壮族自治区 南宁市 武鸣区
50%
韵母 22.2°N 广东省 江门市 恩平市
50%
n 22.1°N 广西壮族自治区 崇左市 宁明县
38%
k 27.1°N 贵州省 贵阳市 开阳县
38%
sh 22.2°N 广西壮族自治区 防城港市 上思县
38%
r 23.7°N 广东省 潮州市 饶平县
38%
r 24.8°N 广东省 韶关市 乳源瑶族自治县
38%
z 23.6°N 广东省 河源市 紫金县
38%
c 22.9°N 广西壮族自治区 梧州市 岑溪市
38%
c 23.1°N 云南省 临沧市 沧源佤族自治县
38%
c 23.6°N 广东省 广州市 从化区
38%
c 23.9°N 广西壮族自治区 梧州市 苍梧县
38%
s 21.4°N 广东省 湛江市 遂溪县
38%
s 23.3°N 广东省 肇庆市 四会市
38%
w 21.4°N 广东省 湛江市 吴川市
38%
韵母 24.9°N 云南省 昆明市 安宁市
38%
韵母 25.1°N 福建省 泉州市 安溪县
38%
j 22.4°N 广西壮族自治区 崇左市 江州区
25%
r 22.9°N 广西壮族自治区 玉林市 容县
25%
r 23.5°N 广东省 揭阳市 榕城区
25%
r 24°N 云南省 德宏傣族景颇族自治州 瑞丽市
25%
z 25.8°N 贵州省 安顺市 紫云苗族布依族自治县
25%
z 26°N 湖南省 郴州市 资兴市
25%
韵母 24.2°N 云南省 玉溪市 峨山彝族自治县
25%
韵母 25.1°N 贵州省 黔西南布依族苗族自治州 安龙县
25%
f 22.6°N 广西壮族自治区 玉林市 福绵区
13%
zh 24°N 云南省 普洱市 镇沅彝族哈尼族拉祜族自治县
13%
sh 23.4°N 广西壮族自治区 南宁市 上林县
13%
sh 23.5°N 云南省 临沧市 双江拉祜族佤族布朗族傣族自治县
13%
c 25°N 贵州省 黔西南布依族苗族自治州 册亨县
13%
zh 23.8°N 云南省 临沧市 镇康县
0%
zh 24.2°N 广西壮族自治区 贺州市 昭平县
0%
sh 23.7°N 云南省 红河哈尼族彝族自治州 石屏县
0%
No matching quizzes found
Score Distribution
Percent of People with Each Score
Percentile by Number Answered
Your Score History
You have not taken this quiz